|
|
|
|
| LEADER |
00000cam a2200000 a 4500 |
| 001 |
A3250 |
| 005 |
20230308181511.0 |
| 008 |
010011|2009 ||||||||r|||||||||||spa|| |
| 020 |
|
|
|a 9788480768351
|
| 040 |
|
|
|b spa
|
| 082 |
0 |
|
|a 778.9
|
| 100 |
1 |
|
|a Weston, Chris
|9 93555
|
| 245 |
|
|
|a Exposición
|c Chris Weston
|h imp
|
| 264 |
|
|
|a Barcelona
|b Blume
|c 2009
|
| 300 |
|
|
|a 140 páginas:
|b Ilustraciones (Incluye fotografias, dibujos, etc)
|c 20 cm
|
| 490 |
|
|
|a Claves fotografía
|
| 504 |
|
|
|a incl. ref.
|
| 520 |
3 |
|
|a Una mirada en profundidad a los aspectos más fundamentales de la fotografía
|
| 650 |
|
0 |
|a Exposición
|9 65558
|
| 650 |
|
|
|a Pelicula en fotografia
|9 93556
|
| 650 |
|
|
|a Filtros
|9 36736
|
| 650 |
|
|
|a Laboratorio digital
|9 74857
|
| 650 |
|
0 |
|a Fotografía
|9 5064
|
| 852 |
|
|
|a UC-YANUNCAY
|c SALA 2 ARTES
|f Compra
|k jhoanna.mogollon
|l 1
|m General
|p 20100112
|q 46,00
|r 2
|t A3250
|w Artes Visuales
|y 6312
|b 0
|d CDRY
|e CDRY
|g 778.9 SALA 2 ARTES
|z 2010-00-11
|
| 942 |
|
|
|c BK
|
| 999 |
|
|
|c 56846
|d 56846
|